000
00276nam a2200121Ia 4500
005
20251222141830.0
008
251222s9999||||xx |||||||||||||| ||spa||
020
_a
84-8055-074-0
082
_a
REF.520/C95
245
0
_a
Atlas de AstronomÃa:
264
_b
Cultura
942
_c
LIB
999
_c
7068
_d
7068